Регионална библиотека "Любен Каравелов" - Русе

Живото богатство на Океана (Запис номер 174590)

MARC детайли
000 -Лидер
Контролно поле с фиксирана дължина 01338nam a2200301 c 4500
003 - Код на организацията, давaща контролен номер
Контролно поле BLK
005 - Дата и час на последна редакция
Контролно поле 20180422114649.0
008 - Елементи от данни с фиксирана дължина
fixed length control field 180411b bul|||||r ||||||| ||bul||
010 ## - Наследен системен номер
LC control number KNG00183082000
040 ## - Източник на каталожния запис
Идентификатор на билиотеката - собственик на записа BLK
041 ## - Код за език
Код за езика на текст/звукозапис или на отделно заглавие Български
Код за езика КДБФ Български
080 ## - УДК
Текстов определител УДК Океанология (океанография). Релеф на морското дъно - Общи въпроси, теория, наблюдения, прибори, приложна океанология, зони на морето и тяхното хоризонтално деление, морско равнище, вълни, при
УДК код - определител по УДК 551.46
УДК определител
УДК - код + определител 551.46
100 1# - Редна дума - Автор
Автор Цветков, Любомир Тодоров
Авторска отговорност първи автор
R(LIN) 367862
139 ## - Редно поле
Редна дума Цветков, Любомир Тодоров
Авторски знак Цветк - Ц 34
245 10 - Сведения за заглавието
Заглавие Живото богатство на Океана
Редно поле (дума) Любомир Тодоров Цветков.
257 ## - Страна на издаване
Страна на създаване/издаване България
260 ## - Област на издателските данни
-- Варна
Име на издателя, разпространителя и проч. Държ. изд.
Година на издаване 1964
300 ## - Физическа характеристика
Страници 132 с.
Илюстрации и др. с ил.
Размери/Мащаб 18 см
380 ## - Жанр
Жанр Естествени науки. Математика
490 1# - СЕРИИ (Колекции)
Име на серия Библиотека за морето
650 #4 - Допълнително описание по предмет – тема
Основно описание – тема или топоним Океанология
9 (RLIN) 164875
653 ## - Ключова дума – ненормативна
Ключова дума океани
852 ## - Местоположение
Форматна сигнатура Цб І 7235
856 4# - Електронен адрес и достъп
Електронен формат pdf - файл
Път до файла /url/
856 4# - Електронен адрес и достъп
Електронен формат pdf - файл
Път до файла /url/
942 ## - АРТИКУЛИ
Вид на библиотечния материал Книги
Скрит в OPAC Не
944 ## - СЪЗДАВАНЕ И РЕДАКЦИЯ на ЗАПИСА
Създаване/Редакция Създаване
Дата на регистрацията/редакция 01.10.2015
Служител, извършил регистрацията/редакцията Христина_Везирева
944 ## - СЪЗДАВАНЕ И РЕДАКЦИЯ на ЗАПИСА
Създаване/Редакция Редакция
Дата на регистрацията/редакция 01.10.2015
Служител, извършил регистрацията/редакцията Христина_Везирева
999 ## - СИСТЕМНИ КОНТРОЛНИ НОМЕРА
Koha biblionumber 174590
Koha biblioitemnumber 174590
Наличности
Код за отписване Код за изгубен артикул Източник на класификационната схема Код за повреда Коз за рестрикции Код за отдаване Артикулен № Име на библиотеката - собственик Име на библиотеката, в която се намира в момента Статус (Текущо местоположение) Дата на вписване в системата Местоположение - отдел Цена в лева Инвентарен номер Систематично азбучна сигнатура Баркод Номер на екземпляра Цена в евро Служебна бележка Служебен тип на артикула
  Не е изгубен Universal Decimal Classification Не е повреден без рестрикции ползва се в читалня 299869 Регионална библиотека "Любен Каравелов" Русе Регионална библиотека "Любен Каравелов" Русе Хранилище 1964-01-01 Хранилище 0.22 4542/65 Цб І 7235 900000028322 1 0.11 Вид: Сф N: стар фонд Дата: 01.01.1964 Книги
Изтеглен Не е изгубен Universal Decimal Classification Не е повреден без рестрикции заемане за дома 299870 Регионална библиотека "Любен Каравелов" Русе Регионална библиотека "Любен Каравелов" Русе Заемна - подръчен фонд 1964-01-01 Заемна - подръчен фонд 0.00 3956/65 П 551.4/Ц 35 3956/65 2 0.00 Вид: Сф N: стар фонд Дата: 01.01.1964 Книги
Изтеглен Не е изгубен Universal Decimal Classification Не е повреден без рестрикции заемане за дома 299871 Регионална библиотека "Любен Каравелов" Русе Регионална библиотека "Любен Каравелов" Русе Заемна - подръчен фонд 1964-01-01 Заемна - подръчен фонд 0.00 3957/65 П 551.4/Ц 35 3957/65 3 0.00 Вид: Сф N: стар фонд Дата: 01.01.1964 Книги
Изтеглен Не е изгубен Universal Decimal Classification Не е повреден без рестрикции заемане за дома 299872 Регионална библиотека "Любен Каравелов" Русе Регионална библиотека "Любен Каравелов" Русе Заемна - подръчен фонд 1964-01-01 Заемна - подръчен фонд 0.00 3958/65 П 551.4/Ц 35 3958/65 4 0.00 Вид: Сф N: стар фонд Дата: 01.01.1964 Книги
Изтеглен Не е изгубен Universal Decimal Classification Не е повреден без рестрикции заемане за дома 299873 Регионална библиотека "Любен Каравелов" Русе Регионална библиотека "Любен Каравелов" Русе Заемна - подръчен фонд 1964-01-01 Заемна - подръчен фонд 0.00 3959/65 П 551.4/Ц 35 3959/65 5 0.00 Вид: Сф N: стар фонд Дата: 01.01.1964 Книги
Изтеглен Не е изгубен Universal Decimal Classification Не е повреден без рестрикции заемане за дома 299874 Регионална библиотека "Любен Каравелов" Русе Регионална библиотека "Любен Каравелов" Русе Заемна - подръчен фонд 1964-01-01 Заемна - подръчен фонд 0.00 3960/65 П 551.4/Ц 35 3960/65 6 0.00 Вид: Сф N: стар фонд Дата: 01.01.1964 Книги
Vip Innovations Ltd, Rousse, Bulgaria 2025